| 000 | 00360nam a2200145Ia 4500 | ||
|---|---|---|---|
| 008 | 210312s9999||||xx |||||||||||||| ||und|| | ||
| 041 | _aosm | ||
| 050 | _aKBP69.T87 | ||
| 050 | _bC34 | ||
| 100 | _aCafer Tayyar b.Ahmed Salim | ||
| 245 | 0 | _aTuhfe Tercümesi | |
| 245 | 0 | _bAvamil Şerhi Tuhfe Tercümesi | |
| 260 | _c1307 | ||
| 650 | _aDin--İslam dini--Fıkıh | ||
| 999 |
_c22015 _d22015 |
||